Largest European Cities on a Map by Letter - E - Statistics

General Stats
  • This quiz has been taken 339 times
  • The average score is 5 of 9
Answers on the Map
Answers color-coded by a green-red scale on the quiz's map according to % correct below.
 
Answer Stats
Pop. City % Correct
502k Edinburgh
98%
586k Essen
88%
229k Eindhoven
66%
283k Espoo
62%
215k Erfurt
44%
231k Elche
41%
170k Edirne
34%
157k Enschede
28%
159k Elektrostal
10%
No matching quizzes found
Score Distribution
Percent of People with Each Score
Percentile by Number Answered
Your Score History
You have not taken this quiz